000
00280nam a2200109Ia 4500
008
220216s9999 xx 000 0 und d
100
_a
Reghu C P
245
0
_a
Russian dandiliyan rubber - Ulpennangalum upothpennangalum
260
_b
Rubber
_c
2013
300
_a
13-Dec
942
_c
BS
999
_c
52051
_d
52051